000 00967nam a2200217 a 4500
001 13422201
008 140415c20059999||||||||||||||||| || u
010 _a2003116072
020 _a0324192150
050 _aCD/HF 5415 Boo
100 _aBoone, Louis E
245 1 0 _aContemporary marketing.-- 11th ed.
_cLouis E. Boone, David L. Kurtz; script and narration by Stephen M. Peters
_h[cd-rom]
250 _a11th ed.
260 _aMason, Ohio
_bThomson/South-Western
_c2005
300 _a4 CD-ROM (4 3/4 in.)
500 _aAudio chapter reviews of a text on 4 CD-ROMs. The CDs will work on any audio CD system Contents: Disc one - chapters 1-4; Disc two - chapters 5-10; Disc three - chapters 11-14; Disc four - chapters 15-19
650 0 _aMARKETING--MANAGEMENT--CASE STUDIES
650 0 _aMARKETING
700 _aKurtz, David L
995 _FCBU-MAIN LIBRARY (Kitwe)
_M1
_UAVAILABLE
_WJun 5, 2014
_Ze-Media Collection
999 _c38653
_d38653